Statistics for Baseball records

Click here to take the quiz!

General Stats

  • This quiz has been taken 16 times
  • The average score is 10 of 15

Answer Stats

HintAnswer% Correct
756 HRBarry Bonds
100%
2,588 WALKSBarry Bonds
100%
7 NO HITTERSNolan Ryan
91%
5,714 STRIKE OUTSNolan Ryan
91%
4,256 HITSPete Rose
91%
2,297 RUNS BATTED INHank Aaron
82%
183.1 WARBabe Ruth
73%
.366 BATTING AVERAGETy Cobb
64%
511 PITCHING WINSCy Young
55%
25 ALL STAR APPEARANCESHank Aaron
55%
1,406 STOLEN BASESRickey Henderson
55%
18 GOLD GLOVESGreg Maddux
45%
10 WORLD SERIES WINSYogi Berra
45%
25 GRAND SLAMSAlex Rodriguez
27%
792 DOUBLESTris Speaker
27%

Score Distribution

Percentile by Number Answered

Percent of People with Each Score

Your Score History

You have not taken this quiz